| 000 | 00612nam a2200205 4500 | ||
|---|---|---|---|
| 001 | 144869 | ||
| 003 | ES-MaACL | ||
| 005 | 20250928113711.0 | ||
| 007 | t| | ||
| 008 | 070214s1954 sp r ||||1| spa d | ||
| 100 | 1 |
_aSmidt, Karl Eugen. _9106828 |
|
| 245 | 1 | 0 |
_aDiario de un niño de pecho / _cCarlos Eugenio Smidt ; traducción y nota preliminar de Noel Clarasó. |
| 260 |
_aBarcelona : _bFama, _c[1954] |
||
| 300 |
_a177 p. ; _c19 cm. |
||
| 490 | 1 | _aJunco | |
| 700 | 1 |
_aClarasó, Noel, _d1899-1985 _939003 |
|
| 830 | 0 |
_aJunco _9184641 |
|
| 852 |
_aES-MaACL _jC-8836 _bR.36684 |
||
| 999 |
_c144869 _d144869 |
||